[Event "Catalunya-chT Gp2"]
[Site "Barcelona"]
[Date "2024.03.02"]
[Round "7.9"]
[White "Iborra Polo, Eric"]
[Black "Serrano Batova, Vicent"]
[Result "0-1"]
[WhiteElo "1955"]
[BlackElo "2134"]
[PlyCount "62"]
[EventDate "2024.01.20"]
[EventType "team-tourn"]
[EventRounds "7"]
[EventCountry "ESP"]
[SourceTitle "CB11_2024"]
[SourceDate "2024.03.13"]
[SourceVersion "1"]
[SourceVersionDate "2024.03.13"]
[SourceQuality "1"]
[WhiteTeam "Llinars"]
[BlackTeam "Barcelona Escacs CC"]
[WhiteTeamCountry "ESP"]
[BlackTeamCountry "ESP"]

1. Nf3 Nf6 2. e3 g6 3. b3 Bg7 4. Bb2 0-0 5. d4 d6 6. Bd3 Nc6 7. c4 e5 8. dxe5 Nd7 9. Nc3 dxe5 10. 0-0 Nb4 11. a3 Nxd3 12. Qxd3 Nc5 13. Qc2 Qd3 14. Qd1 Qxd1 15. Raxd1 Nxb3 16. Nd5 Bg4 17. Nxc7 Rac8 18. Nd5 Rxc4 19. Nxe5 Bxd1 20. Rxd1 Bxe5 21. Bxe5 f5 22. Nf6+ Kf7 23. Rd7+ Ke6 24. f4 Rxf6 25. Rd6+ Ke7 26. Rxf6 Nd2 27. g4 Ne4 28. g5 Nxf6 29. Bxf6+ Ke6 30. Kf2 Rc2+ 31. Kf3 Rxh2 0-1

[Event "ESP-ch U14 Rapid"]
[Site "Salobrena"]
[Date "2022.07.24"]
[Round "8"]
[White "Iborra Polo, Eric"]
[Black "Asensio Miranda, Carlos"]
[Result "0-1"]
[WhiteElo "1794"]
[BlackElo "1426"]
[PlyCount "54"]
[EventDate "2022.07.23"]
[EventType "swiss (rapid)"]
[EventRounds "9"]
[EventCountry "ESP"]
[SourceTitle "EXT 2023"]
[Source "ChessBase"]
[SourceDate "2022.10.05"]
[SourceVersion "1"]
[SourceVersionDate "2022.10.05"]
[SourceQuality "1"]

1. Nf3 d5 2. e3 Nf6 3. c4 e6 4. Nc3 Be7 5. b3 c5 6. cxd5 exd5 7. d4 Bg4 8. Bb5+ Nc6 9. Bb2 cxd4 10. exd4 Qb6 11. 0-0 0-0 12. Bxc6 Qxc6 13. Qd3 Bxf3 14. Qxf3 Rfe8 15. Rac1 Qd7 16. Rfe1 Bb4 17. a3 Ba5 18. Na4 Rxe1+ 19. Rxe1 Bxe1 20. Nc5 Qg4 21. Qd3 Re8 22. Kf1 Qh4 23. g3 Qxh2 24. Qf3 Qh3+ 25. Kg1 Ng4 26. Nd3 Bxf2+ 27. Nxf2 Re1# 0-1

[Event "ESP-ch U14"]
[Site "Salobrena"]
[Date "2022.07.23"]
[Round "9"]
[White "Domene Mulyukov, Alexander"]
[Black "Iborra Polo, Eric"]
[Result "1/2-1/2"]
[WhiteElo "2251"]
[BlackElo "1948"]
[PlyCount "62"]
[EventDate "2022.07.18"]
[EventType "swiss"]
[EventRounds "9"]
[EventCountry "ESP"]
[SourceTitle "EXT 2023"]
[Source "ChessBase"]
[SourceDate "2022.10.05"]
[SourceVersion "1"]
[SourceVersionDate "2022.10.05"]
[SourceQuality "1"]

1. e4 e6 2. Qe2 c5 3. Nf3 Nc6 4. g3 d6 5. c3 e5 6. Bg2 g6 7. 0-0 Bg7 8. Na3 Nge7 9. Nc2 0-0 10. Rd1 d5 11. exd5 Nxd5 12. d4 exd4 13. cxd4 Re8 14. Qc4 cxd4 15. Bg5 Qa5 16. Bd2 Qd8 17. Nfxd4 Nb6 18. Nxc6 Nxc4 19. Nxd8 Rxd8 20. Bc3 Bg4 21. Rxd8+ Rxd8 22. Bxg7 Kxg7 23. b3 Rd2 24. bxc4 Rxc2 25. Bxb7 Rxc4 26. Bd5 Rd4 27. Bb3 Bf3 28. Rc1 Bd5 29. Rc7 Bxb3 30. axb3 Rb4 31. Rxa7 Rxb3 1/2-1/2

[Event "ESP-ch U14 Rapid"]
[Site "Salobrena"]
[Date "2022.07.23"]
[Round "4"]
[White "Iborra Polo, Eric"]
[Black "Deusa Ballesteros, Lucas"]
[Result "1-0"]
[WhiteElo "1794"]
[BlackElo "1832"]
[PlyCount "71"]
[EventDate "2022.07.23"]
[EventType "swiss (rapid)"]
[EventRounds "9"]
[EventCountry "ESP"]
[SourceTitle "EXT 2023"]
[Source "ChessBase"]
[SourceDate "2022.10.05"]
[SourceVersion "1"]
[SourceVersionDate "2022.10.05"]
[SourceQuality "1"]

1. Nf3 Nf6 2. e3 e6 3. c4 d5 4. Nc3 Be7 5. b3 0-0 6. Bb2 b6 7. d4 Bb7 8. Bd3 Nbd7 9. 0-0 Ne4 10. Ne2 Bd6 11. Rc1 c5 12. Ne5 f6 13. Nxd7 Qxd7 14. cxd5 exd5 15. Bxe4 dxe4 16. dxc5 bxc5 17. Rxc5 Qe7 18. Rc1 Rac8 19. Rxc8 Rxc8 20. Qb1 Ba6 21. Re1 Bd3 22. Qa1 Be5 23. Nd4 Bxd4 24. Bxd4 Rc2 25. Rc1 Qa3 26. Rxc2 Bxc2 27. h3 Bd3 28. Qc3 Qxa2 29. Qc8+ Kf7 30. Qd7+ Kg6 31. Qe8+ Kh6 32. Qf7 Qb1+ 33. Kh2 Qf1 34. Bxf6 gxf6 35. Qxf6+ Kh5 36. g4# 1-0

[Event "ESP-ch U14 Rapid"]
[Site "Salobrena"]
[Date "2022.07.23"]
[Round "2"]
[White "Iborra Polo, Eric"]
[Black "Garriga Cabrera, Joan"]
[Result "1-0"]
[WhiteElo "1794"]
[BlackElo "1413"]
[PlyCount "62"]
[EventDate "2022.07.23"]
[EventType "swiss (rapid)"]
[EventRounds "9"]
[EventCountry "ESP"]
[SourceTitle "EXT 2023"]
[Source "ChessBase"]
[SourceDate "2022.10.05"]
[SourceVersion "1"]
[SourceVersionDate "2022.10.05"]
[SourceQuality "1"]

1. Nf3 Nf6 2. e3 g6 3. b3 Bg7 4. Bb2 0-0 5. Be2 d6 6. d4 Nbd7 7. 0-0 c5 8. dxc5 Nxc5 9. Nbd2 Bd7 10. c4 Ne6 11. Nd4 Nxd4 12. exd4 Re8 13. Bf3 Rb8 14. a4 a6 15. a5 h5 16. h3 Nh7 17. Ne4 Bc6 18. Qc2 Nf6 19. d5 Nxe4 20. Bxe4 Bxb2 21. Qxb2 Bd7 22. f4 e5 23. f5 Qg5 24. Qc2 Kg7 25. Rf3 Re7 26. Raf1 gxf5 27. Bxf5 Rf8 28. Bxd7 Rxd7 29. Qf2 Qe7 30. Rg3+ Kh8 31. Qf5 Ra8 1-0

[Event "ESP-ch U14"]
[Site "Salobrena"]
[Date "2022.07.20"]
[Round "5"]
[White "Iborra Polo, Eric"]
[Black "Salinas Tomas, Daniel"]
[Result "1/2-1/2"]
[WhiteElo "1948"]
[BlackElo "2185"]
[PlyCount "31"]
[EventDate "2022.07.18"]
[EventType "swiss"]
[EventRounds "9"]
[EventCountry "ESP"]
[SourceTitle "EXT 2023"]
[Source "ChessBase"]
[SourceDate "2022.10.05"]
[SourceVersion "1"]
[SourceVersionDate "2022.10.05"]
[SourceQuality "1"]

1. Nf3 d5 2. e3 Nf6 3. c4 dxc4 4. Bxc4 c5 5. d4 e6 6. 0-0 a6 7. dxc5 Bxc5 8. Qc2 Nbd7 9. a4 0-0 10. b3 b6 11. Bb2 Bb7 12. Qe2 Qe7 13. Kh1 Kh8 14. Kg1 Kg8 15. Kh1 Kh8 16. Kg1 1/2-1/2

[Event "Barbera del Valles op 44th"]
[Site "Barbera del Valles"]
[Date "2022.07.11"]
[Round "8.22"]
[White "Thomas, Kenneth P"]
[Black "Iborra Polo, Eric"]
[Result "1/2-1/2"]
[WhiteElo "1802"]
[BlackElo "1948"]
[PlyCount "85"]
[EventDate "2022.07.04"]
[EventType "swiss"]
[EventRounds "9"]
[EventCountry "ESP"]
[SourceTitle "EXT 2023"]
[Source "ChessBase"]
[SourceDate "2022.10.05"]
[SourceVersion "1"]
[SourceVersionDate "2022.10.05"]
[SourceQuality "1"]

1. Nf3 Nf6 2. c4 d6 3. Nc3 e5 4. d3 g6 5. g3 Bg7 6. Bg2 0-0 7. 0-0 h6 8. Rb1 Re8 9. e4 Nc6 10. h3 Nh7 11. b4 Rf8 12. Nd5 Ne7 13. Be3 c6 14. Nxe7+ Qxe7 15. Qd2 g5 16. d4 b6 17. dxe5 dxe5 18. Rfd1 Be6 19. c5 Rfd8 20. Qc2 b5 21. a3 Bc4 22. Bf1 Be6 23. Rxd8+ Rxd8 24. Rd1 Nf8 25. Rxd8 Qxd8 26. h4 g4 27. Nd2 Qd7 28. a4 a6 29. axb5 axb5 30. Nb3 Bxb3 31. Qxb3 Ne6 32. Qa3 Nd4 33. Bxd4 exd4 34. Be2 h5 35. f3 gxf3 36. Bxf3 Qh3 37. Bxh5 Be5 38. Qf3 Qxg3+ 39. Qxg3+ Bxg3 40. Bg4 Be1 41. Bd7 Bxb4 42. Bxc6 Bxc5 43. Bxb5 1/2-1/2

[Event "Barbera del Valles op 44th"]
[Site "Barbera del Valles"]
[Date "2022.07.09"]
[Round "6"]
[White "Iborra Polo, Eric"]
[Black "Cadierno Garcia, Pau"]
[Result "1-0"]
[WhiteElo "1948"]
[BlackElo "1828"]
[PlyCount "139"]
[EventDate "2022.07.04"]
[EventType "swiss"]
[EventRounds "9"]
[EventCountry "ESP"]
[SourceTitle "EXT 2023"]
[Source "ChessBase"]
[SourceDate "2022.10.05"]
[SourceVersion "1"]
[SourceVersionDate "2022.10.05"]
[SourceQuality "1"]

1. e4 e6 2. d4 d5 3. Nd2 Nc6 4. Ngf3 Nf6 5. e5 Nd7 6. c4 dxc4 7. Nxc4 Be7 8. Bd3 0-0 9. 0-0 Nb4 10. Bb1 Nb6 11. b3 c5 12. a3 Na6 13. Qc2 g6 14. dxc5 Nxc4 15. Qxc4 Nxc5 16. Bh6 Re8 17. b4 Nd7 18. Rd1 b5 19. Qxb5 Qc7 20. Be4 Rb8 21. Qc6 Qxc6 22. Bxc6 Rd8 23. Bg5 Nxe5 24. Bxe7 Rxd1+ 25. Rxd1 Nxc6 26. Bf6 Ba6 27. Rd7 Rc8 28. h3 Bc4 29. Ng5 e5 30. b5 Nd4 31. Bxe5 Nxb5 32. a4 h6 33. Ne4 Be6 34. Rb7 Na3 35. Rxa7 Nc4 36. Bf6 Bd5 37. Nc3 Ra8 38. Re7 Be6 39. Nb5 g5 40. Nc7 Rxa4 41. Nxe6 fxe6 42. Rg7+ Kf8 43. Rh7 Nd2 44. Rxh6 Ne4 45. Be5 Ra5 46. Bd4 Kf7 47. Rh7+ Kg6 48. Rg7+ Kh6 49. Re7 Ra6 50. f3 Ng3 51. Be5 Nf5 52. Rf7 Rc6 53. Rf6+ Kh7 54. f4 Rc1+ 55. Kh2 gxf4 56. Bxf4 Re1 57. h4 Re4 58. g3 Kg7 59. Bg5 Re2+ 60. Kh3 Nd6 61. h5 Ne4 62. h6+ Kh7 63. Rf7+ Kg6 64. Rg7+ Kf5 65. h7 Re1 66. Kg2 Re2+ 67. Kh3 Re1 68. Bh4 Re2 69. g4+ Kf4 70. Rf7+ 1-0

[Event "Catalan-ch U10/20"]
[Site "Tarragona"]
[Date "2022.04.13"]
[Round "7"]
[White "Salinas Tomas, Daniel"]
[Black "Iborra Polo, Eric"]
[Result "1/2-1/2"]
[WhiteElo "2176"]
[BlackElo "2010"]
[PlyCount "38"]
[EventDate "2022.04.09"]
[EventType "swiss"]
[EventRounds "9"]
[EventCountry "ESP"]
[SourceTitle "EXT 2023"]
[Source "ChessBase"]
[SourceDate "2022.10.05"]
[SourceVersion "1"]
[SourceVersionDate "2022.10.05"]
[SourceQuality "1"]

1. e4 e6 2. Nf3 d5 3. Nc3 dxe4 4. Nxe4 Nd7 5. d4 Ngf6 6. Bd3 Be7 7. 0-0 Nxe4 8. Bxe4 Nf6 9. Bd3 0-0 10. Re1 b6 11. Qe2 Bb7 12. c3 c5 13. dxc5 Bxc5 14. Bg5 Be7 15. a4 h6 16. Bf4 Qd5 17. Be5 a6 18. Bd4 Qc6 19. b4 Nd7 1/2-1/2

[Event "Catalan-ch U10/20"]
[Site "Tarragona"]
[Date "2022.04.10"]
[Round "3"]
[White "Camps Abadia, Arnau"]
[Black "Iborra Polo, Eric"]
[Result "1-0"]
[WhiteElo "1591"]
[BlackElo "2010"]
[PlyCount "71"]
[EventDate "2022.04.09"]
[EventType "swiss"]
[EventRounds "9"]
[EventCountry "ESP"]
[SourceTitle "EXT 2023"]
[Source "ChessBase"]
[SourceDate "2022.10.05"]
[SourceVersion "1"]
[SourceVersionDate "2022.10.05"]
[SourceQuality "1"]

1. e4 c5 2. Nc3 e6 3. g3 a6 4. Bg2 b5 5. d3 Bb7 6. Nh3 Nc6 7. 0-0 d6 8. f4 Nf6 9. Be3 d5 10. exd5 exd5 11. Re1 Be7 12. Bxc5 0-0 13. Bxe7 Nxe7 14. Nf2 Nf5 15. Qd2 b4 16. Na4 Qa5 17. b3 Rac8 18. a3 Nd4 19. axb4 Qb5 20. Nc5 Nxc2 21. Ra5 Qb6 22. Qxc2 Qxb4 23. Rea1 Nd7 24. R1a4 Qe1+ 25. Bf1 Nxc5 26. Rxc5 Rxc5 27. Qxc5 Rc8 28. Qd6 h6 29. Qe5 Qb1 30. Rb4 Rc1 31. Rxb7 Rxf1+ 32. Kg2 Rg1+ 33. Kh3 Qf1+ 34. Kh4 g5+ 35. Kh5 f6 36. Qe8# 1-0

[Event "Canovelles op"]
[Site "Canovelles"]
[Date "2021.12.30"]
[Round "6"]
[White "Iborra Polo, Eric"]
[Black "Fernandez Egea, Andres"]
[Result "1-0"]
[WhiteElo "1999"]
[BlackElo "1857"]
[PlyCount "65"]
[EventDate "2021.12.27"]
[EventType "swiss"]
[EventRounds "7"]
[EventCountry "ESP"]
[SourceTitle "CBM 206 Extra"]
[Source "ChessBase"]
[SourceDate "2022.03.31"]
[SourceVersion "1"]
[SourceVersionDate "2022.03.31"]
[SourceQuality "1"]

1. Nf3 d5 2. e3 g6 3. c4 dxc4 4. Bxc4 Bg7 5. Qb3 e6 6. d4 Ne7 7. Nc3 0-0 8. Bd2 c6 9. h4 h5 10. Ng5 b5 11. Bd3 a5 12. g4 a4 13. Qc2 hxg4 14. h5 Nf5 15. Nge4 g5 16. 0-0-0 Nh4 17. f4 gxf4 18. exf4 Nf3 19. h6 Bxd4 20. Ne2 f5 21. h7+ Kh8 22. Nxd4 Nxd2 23. Nxc6 Nxc6 24. Qxc6 Qxd3 25. Nc5 Qb1+ 26. Kxd2 Qxb2+ 27. Ke3 Ra7 28. Nd3 Qf6 29. Ne5 Rg7 30. Qd6 Rxh7 31. Rxh7+ Kxh7 32. Rh1+ Kg8 33. Rh5 1-0

[Event "ESP-ch U14"]
[Site "Salobrena"]
[Date "2021.07.15"]
[Round "6"]
[White "Iborra Polo, Eric"]
[Black "Valle Luis, Leo"]
[Result "0-1"]
[WhiteElo "1972"]
[BlackElo "1771"]
[PlyCount "106"]
[EventDate "2021.07.12"]
[EventType "swiss"]
[EventRounds "9"]
[EventCountry "ESP"]
[SourceTitle "EXT 2022"]
[Source "ChessBase"]
[SourceDate "2021.10.06"]
[SourceVersion "1"]
[SourceVersionDate "2021.10.06"]
[SourceQuality "1"]

1. e4 d5 2. exd5 Qxd5 3. Nc3 Qa5 4. d4 Nf6 5. Bd2 c6 6. Bc4 Qc7 7. Nf3 e6 8. Qe2 b5 9. Bd3 Nbd7 10. Ne4 Nxe4 11. Bxe4 Bb7 12. c4 bxc4 13. Qxc4 c5 14. Bxb7 Qxb7 15. 0-0 Be7 16. dxc5 Bxc5 17. Bc3 Be7 18. Rfd1 0-0 19. Qb3 Nb6 20. Ne5 Rad8 21. Qb5 Rd5 22. Qc6 Qc8 23. Rac1 f6 24. Qxc8 Rxc8 25. Nf3 Kf7 26. Kf1 g5 27. Ke2 Rxd1 28. Kxd1 e5 29. Ba5 Rxc1+ 30. Kxc1 Bc5 31. Be1 Nd5 32. g3 Ke6 33. Kd1 g4 34. Nd2 f5 35. Ke2 Bd4 36. Nc4 f4 37. gxf4 Nxf4+ 38. Kf1 Kd5 39. b3 Nh3 40. Kg2 Nf4+ 41. Kf1 Ke4 42. Bd2 Nd3 43. Be3 Bxe3 44. fxe3 Kf3 45. a4 e4 46. Kg1 h5 47. Kf1 h4 48. b4 g3 49. hxg3 h3 50. Nd2+ Kxe3 51. Nxe4 Kxe4 52. b5 Kf3 53. Kg1 Kxg3 0-1

[Event "ESP-ch U14"]
[Site "Salobrena"]
[Date "2021.07.14"]
[Round "4"]
[White "Iborra Polo, Eric"]
[Black "Almeida Cubas, Mirella"]
[Result "1-0"]
[WhiteElo "1972"]
[BlackElo "1637"]
[PlyCount "79"]
[EventDate "2021.07.12"]
[EventType "swiss"]
[EventRounds "9"]
[EventCountry "ESP"]
[SourceTitle "EXT 2022"]
[Source "ChessBase"]
[SourceDate "2021.10.06"]
[SourceVersion "1"]
[SourceVersionDate "2021.10.06"]
[SourceQuality "1"]

1. e4 c5 2. c3 g6 3. d4 cxd4 4. cxd4 d5 5. e5 Bg7 6. h3 Nh6 7. g4 0-0 8. f4 f6 9. Nf3 Nc6 10. Be2 Be6 11. Nc3 Nf7 12. 0-0 Rc8 13. Na4 b6 14. Bd3 Qd7 15. Nc3 Nfd8 16. Be3 fxe5 17. fxe5 Na5 18. Bb5 Ndc6 19. b3 h5 20. Nh2 Rxf1+ 21. Kxf1 Rf8+ 22. Kg2 Qe8 23. Qe2 hxg4 24. hxg4 Qc8 25. Rc1 Qa8 26. Qd3 Nxe5 27. dxe5 d4+ 28. Ne4 Bd5 29. Qxd4 Bxe4+ 30. Kg3 Rd8 31. Qc3 Qd5 32. Bc4 Bxe5+ 33. Qxe5 Nxc4 34. Qxd5+ Rxd5 35. Rxc4 Bb1 36. Ra4 Rd7 37. Nf3 Kg7 38. Bd4+ Kh6 39. g5+ Kh7 40. Bb2 1-0

[Event "ESP-ch U14"]
[Site "Salobrena"]
[Date "2021.07.12"]
[Round "1"]
[White "Cuesta Moscoso, Alvaro"]
[Black "Iborra Polo, Eric"]
[Result "1/2-1/2"]
[WhiteElo "1479"]
[BlackElo "1972"]
[PlyCount "51"]
[EventDate "2021.07.12"]
[EventType "swiss"]
[EventRounds "9"]
[EventCountry "ESP"]
[SourceTitle "EXT 2022"]
[Source "ChessBase"]
[SourceDate "2021.10.06"]
[SourceVersion "1"]
[SourceVersionDate "2021.10.06"]
[SourceQuality "1"]

1. d4 Nf6 2. Bf4 e6 3. Nf3 d5 4. e3 c5 5. Nbd2 Bd6 6. Bg3 Qc7 7. Bd3 Nbd7 8. c3 e5 9. dxe5 Nxe5 10. Nxe5 Bxe5 11. Nf3 Bxg3 12. hxg3 0-0 13. Qe2 Bg4 14. Rh4 h6 15. 0-0-0 d4 16. c4 dxe3 17. Qxe3 Rfe8 18. Qd2 Rad8 19. Rxh6 Ne4 20. Rdh1 f6 21. Qc2 gxh6 22. Bxe4 h5 23. Bd5+ Kg7 24. Nh4 Kf8 25. Ng6+ Kg7 26. Nh4 1/2-1/2

[Event "Llinars del Valles op 1st"]
[Site "Llinars del Valles"]
[Date "2021.07.03"]
[Round "9"]
[White "Parra Ordorica, Gorka"]
[Black "Iborra Polo, Eric"]
[Result "0-1"]
[WhiteElo "1897"]
[BlackElo "1733"]
[PlyCount "72"]
[EventDate "2021.06.25"]
[EventType "swiss"]
[EventRounds "9"]
[EventCountry "ESP"]
[SourceTitle "CBM 203 Extra"]
[Source "ChessBase"]
[SourceDate "2021.09.30"]
[SourceVersion "1"]
[SourceVersionDate "2021.09.30"]
[SourceQuality "1"]

1. Nf3 c5 2. b3 d6 3. Bb2 e5 4. e3 e4 5. Ng1 f5 6. Nh3 Nf6 7. d4 cxd4 8. Bxd4 Nc6 9. Bb2 d5 10. Be2 Bb4+ 11. c3 Be7 12. 0-0 0-0 13. Na3 Be6 14. Rc1 Ne8 15. Nf4 Bf7 16. c4 dxc4 17. Bxc4 Bf6 18. Qe2 Bxb2 19. Qxb2 Bxc4 20. Nxc4 Nc7 21. Rfd1 Qe7 22. Nd5 Nxd5 23. Rxd5 Nb4 24. Re5 Qg5 25. Qd4 Nd3 26. Rd1 Nxe5 27. Nxe5 Qe7 28. h3 Rac8 29. Qb2 Rfd8 30. Rxd8+ Rxd8 31. b4 h6 32. g3 Qd6 33. Kh2 Qd3 34. Qb3+ Qd5 35. Qb2 Kh7 36. g4 Re8 0-1

[Event "Llinars del Valles op 1st"]
[Site "Llinars del Valles"]
[Date "2021.06.26"]
[Round "2"]
[White "Iborra Polo, Eric"]
[Black "Dominguez Laguna, Eduard"]
[Result "0-1"]
[WhiteElo "1733"]
[BlackElo "1877"]
[PlyCount "78"]
[EventDate "2021.06.25"]
[EventType "swiss"]
[EventRounds "9"]
[EventCountry "ESP"]
[SourceTitle "CBM 203 Extra"]
[Source "ChessBase"]
[SourceDate "2021.09.30"]
[SourceVersion "1"]
[SourceVersionDate "2021.09.30"]
[SourceQuality "1"]

1. Nf3 d5 2. e3 Bg4 3. c4 Bxf3 4. Qxf3 Nf6 5. Nc3 e6 6. b3 Be7 7. Bb2 0-0 8. d4 c6 9. Bd3 Nbd7 10. 0-0 Qa5 11. e4 dxe4 12. Nxe4 Nxe4 13. Bxe4 Nf6 14. Bc2 Qh5 15. Qxh5 Nxh5 16. f4 g6 17. Rae1 Bf6 18. g4 Ng7 19. Ba1 Rad8 20. Rd1 Rd7 21. f5 exf5 22. gxf5 g5 23. Be4 Rfd8 24. d5 Bxa1 25. Rxa1 cxd5 26. Bxd5 Nh5 27. Rad1 Nf4 28. Bf3 Rxd1 29. Rxd1 Rxd1+ 30. Bxd1 Kg7 31. Bf3 b6 32. Be4 Kf6 33. Kf2 Nh5 34. Kf3 Ng7 35. b4 Nxf5 36. Bxf5 Kxf5 37. c5 bxc5 38. bxc5 Ke6 39. c6 f5 0-1

[Event "Barcelona Canovelles op"]
[Site "Barcelona"]
[Date "2020.12.30"]
[Round "6"]
[White "Iborra Polo, Eric"]
[Black "Juncosa Padros, Ernest"]
[Result "0-1"]
[WhiteElo "1800"]
[BlackElo "1640"]
[PlyCount "68"]
[EventDate "2020.12.27"]
[EventType "swiss"]
[EventRounds "7"]
[EventCountry "ESP"]
[SourceTitle "CBM 200 Extra"]
[Source "ChessBase"]
[SourceDate "2021.03.31"]
[SourceVersion "1"]
[SourceVersionDate "2021.03.31"]
[SourceQuality "1"]

1. Nf3 c5 2. e3 d5 3. b3 Nf6 4. Bb2 e6 5. d4 Bd6 6. Bd3 0-0 7. 0-0 b6 8. c4 Bb7 9. Nc3 Nc6 10. cxd5 exd5 11. dxc5 bxc5 12. Rc1 Ne7 13. Na4 Re8 14. Bxf6 gxf6 15. Nh4 Ng6 16. Qh5 Rc8 17. Nf5 Re5 18. Qg4 Kh8 19. h4 Bf8 20. f4 Re8 21. h5 Ne7 22. Rf3 Qd7 23. Rg3 c4 24. bxc4 dxc4 25. Rxc4 Rxc4 26. Bxc4 Qxf5 27. Bxf7 Qxg4 28. Rxg4 Rc8 29. Nb2 Bd5 30. Bxd5 Nxd5 31. e4 Ne3 32. Rg3 Bc5 33. Kh1 Bd4 34. Nd3 Rc3 0-1

[Event "Catalunya-ch U10/20"]
[Site "Salou"]
[Date "2020.09.09"]
[Round "7"]
[White "Iborra Polo, Eric"]
[Black "Muntal Corrales, Arnau"]
[Result "1-0"]
[WhiteElo "1640"]
[BlackElo "1812"]
[PlyCount "77"]
[EventDate "2020.09.05"]
[EventType "swiss"]
[EventRounds "8"]
[EventCountry "ESP"]
[SourceTitle "EXT 2023"]
[Source "ChessBase"]
[SourceDate "2022.10.05"]
[SourceVersion "1"]
[SourceVersionDate "2022.10.05"]
[SourceQuality "1"]

1. e4 c5 2. Nf3 e6 3. g3 a6 4. Bg2 b5 5. 0-0 Bb7 6. Qe2 d5 7. exd5 Bxd5 8. Nc3 Bb7 9. d4 Be7 10. Ne5 Bxg2 11. Kxg2 Nf6 12. Qf3 Ra7 13. dxc5 0-0 14. Be3 Rc7 15. Rfd1 Qc8 16. b4 Nc6 17. Nxc6 Rxc6 18. a3 h6 19. Bf4 Re8 20. Rd3 Qa8 21. Rad1 Rec8 22. Bd6 Bxd6 23. Rxd6 Kf8 24. Rxc6 Qxc6 25. Rd6 Qa8 26. Qxa8 Rxa8 27. Rb6 Ke8 28. Rb7 Rc8 29. Ra7 Rc6 30. Kf3 g5 31. Ne4 g4+ 32. Ke3 Nd5+ 33. Kd4 f5 34. Nd6+ Kf8 35. Ke5 Nc7 36. Kf6 h5 37. c3 Nd5+ 38. Kxe6 Rc7 39. Ra8+ 1-0

[Event "ESP-ch U12"]
[Site "Salobrena"]
[Date "2020.08.01"]
[Round "9"]
[White "Iborra Polo, Eric"]
[Black "Bercaru, Vlad Ionut"]
[Result "1/2-1/2"]
[WhiteElo "1723"]
[BlackElo "1527"]
[PlyCount "71"]
[EventDate "2020.07.27"]
[EventType "swiss"]
[EventRounds "9"]
[EventCountry "ESP"]
[SourceTitle "EXT 2021"]
[Source "ChessBase"]
[SourceDate "2020.10.23"]
[SourceVersion "1"]
[SourceVersionDate "2020.10.23"]
[SourceQuality "1"]

1. e4 c5 2. Nf3 Nc6 3. Bb5 Nf6 4. Nc3 Nd4 5. Bc4 e6 6. d3 d5 7. Bb3 Nxb3 8. axb3 dxe4 9. Nxe4 Nxe4 10. dxe4 Qxd1+ 11. Kxd1 b6 12. Bf4 Bb7 13. Nd2 f6 14. f3 g5 15. Bg3 h5 16. h3 Rg8 17. Ke2 g4 18. hxg4 hxg4 19. Bf4 a6 20. Rh7 gxf3+ 21. gxf3 Rg7 22. Rxg7 Bxg7 23. Nc4 Bc6 24. Nxb6 Ra7 25. Bd6 Bf8 26. Bxf8 Kxf8 27. c4 Ke8 28. Rh1 Rb7 29. Rh8+ Ke7 30. Rh7+ Kd6 31. Nc8+ Ke5 32. Ke3 Rxb3+ 33. Ke2 Rxb2+ 34. Ke3 Rb3+ 35. Ke2 Kd4 36. Rh6 1/2-1/2

[Event "ESP-ch U12"]
[Site "Salobrena"]
[Date "2020.07.31"]
[Round "8"]
[White "Martin Cabeza, Nicolas"]
[Black "Iborra Polo, Eric"]
[Result "0-1"]
[WhiteElo "1367"]
[BlackElo "1723"]
[PlyCount "125"]
[EventDate "2020.07.27"]
[EventType "swiss"]
[EventRounds "9"]
[EventCountry "ESP"]
[SourceTitle "EXT 2021"]
[Source "ChessBase"]
[SourceDate "2020.10.23"]
[SourceVersion "1"]
[SourceVersionDate "2020.10.23"]
[SourceQuality "1"]

1. e4 c5 2. Nf3 Nc6 3. c3 d5 4. exd5 Qxd5 5. d4 Bf5 6. Bd3 Bxd3 7. Qxd3 e5 8. c4 Qd6 9. d5 Nd4 10. 0-0 f6 11. Re1 0-0-0 12. Nc3 a6 13. Nxd4 cxd4 14. Ne4 Qb4 15. Rd1 Ne7 16. a3 Qb6 17. b4 Ng6 18. Bd2 Qc7 19. b5 a5 20. c5 Rxd5 21. b6 Qd7 22. Bxa5 Kd8 23. c6 Qxc6 24. Rdc1 Nf4 25. Rxc6 Nxd3 26. Rc7 Rxa5 27. Rxb7 Kc8 28. Rc7+ Kb8 29. a4 Nc5 30. Nd2 Rxa4 31. Rb1 Ne6 32. Rc6 Nc5 33. Rc7 Ra6 34. b7 Bd6 35. Rxg7 Ra7 36. Rf7 Rf8 37. Rxh7 Rxb7 38. Rbxb7+ Nxb7 39. Ne4 Bc7 40. h4 Bd8 41. h5 f5 42. Ng3 e4 43. Rg7 d3 44. Kf1 Bf6 45. Rd7 Bh4 46. h6 Bxg3 47. fxg3 Rd8 48. h7 Rh8 49. Ke1 Ka7 50. Rf7 Kb6 51. Rxf5 Rxh7 52. Re5 Nc5 53. g4 Kb5 54. g5 Kc4 55. g6 Rg7 56. Rg5 Kd4 57. g4 e3 58. Rh5 Rxg6 59. Rh8 Ne4 60. Rd8+ Rd6 61. Rxd6+ Nxd6 62. g5 d2+ 63. Kd1 0-1

[Event "ESP-ch U12"]
[Site "Salobrena"]
[Date "2020.07.29"]
[Round "4"]
[White "Dominguez Conde, Hugo"]
[Black "Iborra Polo, Eric"]
[Result "1/2-1/2"]
[WhiteElo "1455"]
[BlackElo "1723"]
[PlyCount "60"]
[EventDate "2020.07.27"]
[EventType "swiss"]
[EventRounds "9"]
[EventCountry "ESP"]
[SourceTitle "EXT 2021"]
[Source "ChessBase"]
[SourceDate "2020.10.23"]
[SourceVersion "1"]
[SourceVersionDate "2020.10.23"]
[SourceQuality "1"]

1. e4 c5 2. Nf3 Nc6 3. Bb5 e5 4. Nc3 Bd6 5. d3 Nge7 6. h3 0-0 7. 0-0 a6 8. Bc4 b5 9. Bb3 Bc7 10. Bg5 Bb7 11. Nh4 h6 12. Be3 Nd4 13. Qh5 Nxb3 14. axb3 d6 15. f4 exf4 16. Rxf4 d5 17. Rg4 Bc8 18. Rxg7+ Kxg7 19. Qxh6+ Kg8 20. Bg5 Be5 21. Nxd5 f6 22. Nxf6+ Rxf6 23. Bxf6 Qd4+ 24. Kh1 Bxf6 25. Ng6 Nxg6 26. Qxg6+ Bg7 27. Rf1 Bd7 28. Qf7+ Kh8 29. Qh5+ Kg8 30. Qf7+ Kh8 1/2-1/2

[Event "ESP-ch U12"]
[Site "Salobrena"]
[Date "2020.07.28"]
[Round "3"]
[White "Iborra Polo, Eric"]
[Black "Carrizo Ledesma, Helena"]
[Result "1-0"]
[WhiteElo "1723"]
[BlackElo "1305"]
[PlyCount "49"]
[EventDate "2020.07.27"]
[EventType "swiss"]
[EventRounds "9"]
[EventCountry "ESP"]
[SourceTitle "EXT 2021"]
[Source "ChessBase"]
[SourceDate "2020.10.23"]
[SourceVersion "1"]
[SourceVersionDate "2020.10.23"]
[SourceQuality "1"]

1. e4 e6 2. d4 d5 3. Nd2 Nf6 4. e5 Nfd7 5. f4 f6 6. Bd3 g6 7. h4 Rg8 8. h5 Qe7 9. hxg6 hxg6 10. Ndf3 b6 11. Qe2 a5 12. c4 Ba6 13. Qc2 Bxc4 14. Bxg6+ Kd8 15. f5 Nc6 16. Bd2 Nb4 17. Bxb4 Qxb4+ 18. Kf2 exf5 19. Bxf5 fxe5 20. Bxd7 Kxd7 21. Nxe5+ Ke8 22. Ngf3 Bg7 23. Qg6+ Ke7 24. Qf7+ Kd8 25. Qd7# 1-0